<?xml version="1.0" encoding="UTF-8"?>
<record
    xmlns:xsi="http://www.w3.org/2001/XMLSchema-instance"
    xsi:schemaLocation="http://www.loc.gov/MARC21/slim http://www.loc.gov/standards/marcxml/schema/MARC21slim.xsd"
    xmlns="http://www.loc.gov/MARC21/slim">

  <leader>00821nam a22002417a 4500</leader>
  <controlfield tag="005">20150124125005.0</controlfield>
  <controlfield tag="008">121113t        sp||||| |||| 00| 0 spa d</controlfield>
  <datafield tag="020" ind1=" " ind2=" ">
    <subfield code="a">9788420648453</subfield>
  </datafield>
  <datafield tag="050" ind1="0" ind2="4">
    <subfield code="a">HM66</subfield>
    <subfield code="b">G53 2007</subfield>
  </datafield>
  <datafield tag="100" ind1="1" ind2=" ">
    <subfield code="a">Giddens, Anthony </subfield>
  </datafield>
  <datafield tag="245" ind1="1" ind2="0">
    <subfield code="a">Sociolog&#xED;a /</subfield>
    <subfield code="c">Anthony Giddens,colab.Simon Griffiths ; tr. Francisco Mu&#xF1;oz de Bustillos Llorente.    </subfield>
  </datafield>
  <datafield tag="250" ind1=" " ind2=" ">
    <subfield code="a">5a ed</subfield>
  </datafield>
  <datafield tag="260" ind1=" " ind2=" ">
    <subfield code="a">Espa&#xF1;a :</subfield>
    <subfield code="b">Alianza,</subfield>
    <subfield code="c">c2007</subfield>
  </datafield>
  <datafield tag="300" ind1=" " ind2=" ">
    <subfield code="a">1023 p. :</subfield>
    <subfield code="b">il. </subfield>
    <subfield code="c">25 cm.</subfield>
  </datafield>
  <datafield tag="440" ind1=" " ind2="0">
    <subfield code="a">Sociologia</subfield>
  </datafield>
  <datafield tag="500" ind1=" " ind2=" ">
    <subfield code="a">Traducci&#xF3;n de : Sociology</subfield>
  </datafield>
  <datafield tag="504" ind1=" " ind2=" ">
    <subfield code="a">Incluye bibliograf&#xED;a e &#xED;ndice  </subfield>
  </datafield>
  <datafield tag="504" ind1=" " ind2=" ">
    <subfield code="a">Incluye &#xED;ndices</subfield>
  </datafield>
  <datafield tag="650" ind1=" " ind2="4">
    <subfield code="a">Sociolog&#xED;a-Investigaciones  </subfield>
    <subfield code="x">Ciencias sociales </subfield>
    <subfield code="x">Clases sociales </subfield>
  </datafield>
  <datafield tag="700" ind1="1" ind2=" ">
    <subfield code="a">Griffiths, Simon,</subfield>
    <subfield code="q">colab.</subfield>
  </datafield>
  <datafield tag="700" ind1="1" ind2=" ">
    <subfield code="a">Mu&#xF1;oz de Bustillo Llorente, Francisco, </subfield>
    <subfield code="q">tr.</subfield>
  </datafield>
  <datafield tag="942" ind1=" " ind2=" ">
    <subfield code="2">lcc</subfield>
    <subfield code="c">LIB</subfield>
  </datafield>
  <datafield tag="999" ind1=" " ind2=" ">
    <subfield code="c">41097</subfield>
    <subfield code="d">41097</subfield>
  </datafield>
  <datafield tag="952" ind1=" " ind2=" ">
    <subfield code="1">0</subfield>
    <subfield code="2">lcc</subfield>
    <subfield code="4">0</subfield>
    <subfield code="7">0</subfield>
    <subfield code="a">LIC-047</subfield>
    <subfield code="b">LIC-047</subfield>
    <subfield code="c">GENERAL</subfield>
    <subfield code="d">2013-09-06</subfield>
    <subfield code="h">BFP000004887</subfield>
    <subfield code="i">Ciencias de la salud</subfield>
    <subfield code="k">Ciencias de la salud</subfield>
    <subfield code="l">1</subfield>
    <subfield code="o">HM66 G53 2007</subfield>
    <subfield code="p">BFP000004887</subfield>
    <subfield code="r">2016-11-24 00:00:00</subfield>
    <subfield code="s">2016-11-22</subfield>
    <subfield code="t">1</subfield>
    <subfield code="y">LIB</subfield>
  </datafield>
  <datafield tag="952" ind1=" " ind2=" ">
    <subfield code="1">0</subfield>
    <subfield code="2">lcc</subfield>
    <subfield code="4">0</subfield>
    <subfield code="7">0</subfield>
    <subfield code="a">LIC-047</subfield>
    <subfield code="b">LIC-047</subfield>
    <subfield code="c">GENERAL</subfield>
    <subfield code="d">2013-09-06</subfield>
    <subfield code="h">BFP000004886</subfield>
    <subfield code="i">Ciencias de la salud</subfield>
    <subfield code="k">Ciencias de la salud</subfield>
    <subfield code="o">HM66 G53 2007</subfield>
    <subfield code="p">BFP000004886</subfield>
    <subfield code="r">2017-01-20 00:00:00</subfield>
    <subfield code="t">2</subfield>
    <subfield code="y">LIB</subfield>
  </datafield>
  <datafield tag="952" ind1=" " ind2=" ">
    <subfield code="1">0</subfield>
    <subfield code="2">lcc</subfield>
    <subfield code="4">0</subfield>
    <subfield code="7">0</subfield>
    <subfield code="a">LIC-047</subfield>
    <subfield code="b">LIC-047</subfield>
    <subfield code="c">GENERAL</subfield>
    <subfield code="d">2013-09-06</subfield>
    <subfield code="h">BFP000004885</subfield>
    <subfield code="i">Ciencias de la salud</subfield>
    <subfield code="k">Ciencias de la salud</subfield>
    <subfield code="l">1</subfield>
    <subfield code="o">HM66 G53 2007</subfield>
    <subfield code="p">BFP000004885</subfield>
    <subfield code="r">2017-01-30 00:00:00</subfield>
    <subfield code="s">2017-01-26</subfield>
    <subfield code="t">3</subfield>
    <subfield code="y">LIB</subfield>
  </datafield>
  <datafield tag="952" ind1=" " ind2=" ">
    <subfield code="1">0</subfield>
    <subfield code="2">lcc</subfield>
    <subfield code="4">0</subfield>
    <subfield code="7">0</subfield>
    <subfield code="a">LIC-047</subfield>
    <subfield code="b">LIC-047</subfield>
    <subfield code="c">GENERAL</subfield>
    <subfield code="d">2013-09-06</subfield>
    <subfield code="h">BFP000004884</subfield>
    <subfield code="i">Ciencias de la salud</subfield>
    <subfield code="k">Ciencias de la salud</subfield>
    <subfield code="o">HM66 G53 2007</subfield>
    <subfield code="p">BFP000004884</subfield>
    <subfield code="r">2013-09-06 00:00:00</subfield>
    <subfield code="t">4</subfield>
    <subfield code="y">LIB</subfield>
  </datafield>
  <datafield tag="952" ind1=" " ind2=" ">
    <subfield code="1">0</subfield>
    <subfield code="2">lcc</subfield>
    <subfield code="4">0</subfield>
    <subfield code="7">0</subfield>
    <subfield code="a">LIC-047</subfield>
    <subfield code="b">LIC-047</subfield>
    <subfield code="c">GENERAL</subfield>
    <subfield code="d">2013-09-06</subfield>
    <subfield code="h">BFP000004883</subfield>
    <subfield code="i">Ciencias de la salud</subfield>
    <subfield code="k">Ciencias de la salud</subfield>
    <subfield code="l">2</subfield>
    <subfield code="o">HM66 G53 2001</subfield>
    <subfield code="p">BFP000004883</subfield>
    <subfield code="r">2018-10-05 00:00:00</subfield>
    <subfield code="s">2018-10-04</subfield>
    <subfield code="t">5</subfield>
    <subfield code="y">LIB</subfield>
  </datafield>
</record>
